[Event "AUTO-ADV-4007"]
[Site "http://www.queenalice.com/game.php?id=1524958"]
[Date "2018.4.25"]
[Round "1"]
[White "MariusLola"]
[Black "bobifixer"]
[Result "1-0"]
[WhiteElo "1706"]
[BlackElo "1784"]

1. d4 c6 2. c4 d5 3. e3 Nf6 4. Nc3 e6 5. Nf3 Be7 6. Bd3 Nbd7 7. O-O O-O 8. c5
Qc7 9. b4 Re8 10. Qc2 h6 11. e4 dxe4 12. Nxe4 Nxe4 13. Bxe4 Nf6 14. Re1 Nxe4 15.
Qxe4 Bf6 16. Bb2 b6 17. a4 Ba6 18. Ne5 Bxe5 19. dxe5 bxc5 20. bxc5 Rab8 21. Bd4
Bc4 22. f4 Bd5 23. Qc2 Rb4 24. Qc3 Reb8 25. a5 1-0

[Event "AUTO-ADV-4007"]
[Site "http://www.queenalice.com/game.php?id=1524963"]
[Date "2018.4.25"]
[Round "1"]
[White "worldwide"]
[Black "MariusLola"]
[Result "1-0"]
[WhiteElo "1826"]
[BlackElo "1703"]

1. e4 e5 2. f4 d5 3. exd5 e4 4. Nc3 Nf6 5. d3 Bb4 6. Ne2 O-O 7. a3 Bxc3+ 8. Nxc3
exd3 9. Bxd3 Re8+ 10. Ne2 Qxd5 11. O-O Bf5 12. Nc3 Qd4+ 13. Kh1 Bxd3 14. Nb5 Qc4
15. Qxd3 Qxd3 16. cxd3 Na6 17. Bd2 c6 18. Nd4 Nc5 19. Rf3 Rad8 20. b4 Ne6 21.
Nf5 Nh5 22. g4 Nf6 23. g5 Nd4 24. Nxd4 Rxd4 25. gxf6 g6 26. Rg1 Re6 27. f5 Red6
28. fxg6 hxg6 29. Bg5 Rxd3 30. Rxd3 Rxd3 31. Re1 Rd8 32. Re7 b5 33. Rxa7 Rd5 34.
h4 Rd3 35. Ra6 Rc3 36. Ra8+ Kh7 37. Rf8 Rxa3 38. Rxf7+ Kg8 39. Rc7 Ra6 40. f7+
Kf8 41. Bh6# 1-0

[Event "AUTO-ADV-4007"]
[Site "http://www.queenalice.com/game.php?id=1524964"]
[Date "2018.4.25"]
[Round "1"]
[White "MariusLola"]
[Black "worldwide"]
[Result "0-1"]
[WhiteElo "1717"]
[BlackElo "1779"]

1. d4 d5 2. c4 dxc4 3. e4 e6 4. a3 c6 5. Nf3 Be7 6. Bxc4 Nf6 7. O-O b5 8. Bd3 a5
9. Nc3 Ba6 10. e5 Nd5 11. Nxd5 cxd5 12. Be3 Nc6 13. h4 Bxh4 14. g3 Be7 15. Qb3
a4 16. Qc2 Rc8 17. Qd2 Qb6 18. Rac1 O-O 19. Rc2 b4 20. Bxa6 Qxa6 21. Rfc1 bxa3
22. bxa3 Bxa3 23. Ra1 Bb4 24. Qe2 Qa5 25. Bd2 Nxd4 26. Nxd4 Rxc2 27. Nxc2 Bxd2
28. Nd4 Rc8 29. Nb3 Qc3 30. Nxd2 Qxa1+ 0-1

[Event "AUTO-ADV-3969"]
[Site "http://www.queenalice.com/game.php?id=1531708"]
[Date "2018.6.18"]
[Round "2"]
[White "Canaye"]
[Black "MariusLola"]
[Result "0-1"]
[WhiteElo "1884"]
[BlackElo "1766"]

1. d4 d5 2. c4 e6 3. Nc3 c5 4. dxc5 Bxc5 5. Bf4 Nf6 6. e3 O-O 7. Bd3 Nc6 8. Nge2
h6 9. Na4 Qa5+ 10. Kf1 Nb4 11. Bb1 Bd7 12. Nxc5 Qxc5 13. a3 Nc6 14. cxd5 Qxd5
15. Ba2 Qxd1+ 16. Rxd1 Rad8 17. f3 e5 18. Bg3 Nh5 19. Bf2 Nf6 20. g3 Bh3+ 21.
Ke1 Rxd1+ 22. Kxd1 Rd8+ 23. Ke1 Bg2 24. Rg1 Bxf3 25. Nc3 Ne4 26. Bb3 Nxc3 27.
bxc3 Rd3 28. g4 Rxc3 29. Ba4 Rxa3 30. Rg3 e4 31. Bxc6 bxc6 32. g5 Rd3 33. gxh6
Rd1# 0-1

[Event "AUTO-ADV-3969"]
[Site "http://www.queenalice.com/game.php?id=1531709"]
[Date "2018.6.18"]
[Round "2"]
[White "MariusLola"]
[Black "Canaye"]
[Result "1-0"]
[WhiteElo "1743"]
[BlackElo "1924"]

1. d4 e6 2. c4 d5 3. e3 c5 4. Nf3 Nc6 5. Be2 cxd4 6. Nxd4 Bb4+ 7. Bd2 Bxd2+ 8.
Nxd2 Nxd4 9. O-O Nxe2+ 10. Qxe2 Ne7 11. b3 d4 12. Nf3 d3 13. Qd2 b6 14. Ne5 Bb7
15. f3 Qd6 16. Nxd3 Rd8 17. Rad1 Qc6 18. Qc3 Nf5 19. Ne5 Qc5 20. Rxd8+ Kxd8 21.
Nxf7+ Kc7 22. b4 Qf8 23. Nxh8 Qxh8 24. Qe5+ Kd8 25. Rd1+ 1-0

[Event "AUTO-ADV-3969"]
[Site "http://www.queenalice.com/game.php?id=1531716"]
[Date "2018.6.18"]
[Round "2"]
[White "MariusLola"]
[Black "jlpbarreto"]
[Result "1-0"]
[WhiteElo "1806"]
[BlackElo "1826"]

1. d4 Nf6 2. c4 e6 3. Nf3 d5 4. Nc3 Be7 5. Bf4 a6 6. Qa4+ Qd7 7. Qc2 Nc6 8.
O-O-O Na5 9. Ne5 Qd8 10. e3 dxc4 11. Qa4+ c6 12. Bxc4 Bd7 13. Nxd7 Nxd7 14. Bd3
b5 15. Qc2 h6 16. Kb1 Nb6 17. Be5 Bf6 18. f4 Nac4 19. Bxc4 Nxc4 20. Rhe1 Bxe5
21. fxe5 a5 22. Qe4 Qc8 23. b3 Nb6 24. g4 Nd5 25. Rc1 Qb7 26. Nxd5 cxd5 27. Qg2
g5 28. Rc5 Rc8 29. Rec1 Kd7 30. Qc2 Rxc5 31. Qxc5 1-0

[Event "AUTO-ADV-3969"]
[Site "http://www.queenalice.com/game.php?id=1531717"]
[Date "2018.6.18"]
[Round "2"]
[White "jlpbarreto"]
[Black "MariusLola"]
[Result "1-0"]
[WhiteElo "1859"]
[BlackElo "1790"]

1. e4 e5 2. Nf3 Nc6 3. c3 Nf6 4. d4 Nxe4 5. Bd3 d5 6. O-O Bg4 7. Be3 Nxf2 8.
Rxf2 e4 9. Be2 exf3 10. Bxf3 Bxf3 11. Qxf3 Qd7 12. Nd2 f6 13. Qh5+ g6 14. Qf3 f5
15. Bg5 Be7 16. Re1 O-O-O 17. Bxe7 Nxe7 18. Nb3 Qa4 19. Ra1 c6 20. Nc5 Qb5 21.
a4 Qb6 22. b4 Rde8 23. Re2 Qc7 24. Rae1 b6 25. Ne6 Qd6 26. Nf4 Kd7 27. Re6 Qc7
28. R1e5 Rhf8 29. Qe3 Rf7 30. Nh3 Kc8 31. Ng5 Rg7 32. Rf6 Qd7 33. Ne6 Rgg8 34.
Rf7 g5 35. Nxg5 h6 36. Nf3 Kd8 37. Nh4 Rg5 38. Nf3 Rg4 39. Qxh6 Rg6 40. Qe3 Qd6
41. Qe2 Rgg8 42. h4 f4 43. Re6 Qc7 44. Ne5 Rgf8 45. Rfxe7 Rxe7 46. Nxc6+ Qxc6
47. Rxe7 Re8 48. Rxe8+ Qxe8 49. Qxe8+ Kxe8 50. Kf2 1-0

[Event "AUTO-ADV-3990"]
[Site "http://www.queenalice.com/game.php?id=1535855"]
[Date "2018.7.22"]
[Round "2"]
[White "Juuca"]
[Black "MariusLola"]
[Result "1-0"]
[WhiteElo "2375"]
[BlackElo "1823"]

1. e4 e5 2. f4 d5 3. exd5 e4 4. Nc3 Nf6 5. d3 Bb4 6. Bd2 e3 7. Bxe3 Nxd5 8. Bd2
O-O 9. Nxd5 Bxd2+ 10. Qxd2 Nc6 11. Nc3 Re8+ 12. Nge2 Bg4 13. O-O-O Nd4 14. h3
Bh5 15. Re1 c5 16. Nxd4 Rxe1+ 17. Qxe1 Qxd4 18. g4 Qxf4+ 19. Qd2 Qxd2+ 20. Kxd2
Bg6 21. Bg2 Rb8 22. Re1 Kf8 23. Be4 Bxe4 24. Rxe4 Re8 25. Rxe8+ Kxe8 26. Ke3 b6
27. Ke4 Ke7 28. Kd5 Kd7 29. Nb5 a5 30. Nd6 f6 31. a4 g5 32. Nc4 1-0

[Event "AUTO-ADV-3990"]
[Site "http://www.queenalice.com/game.php?id=1535856"]
[Date "2018.7.22"]
[Round "2"]
[White "MariusLola"]
[Black "Juuca"]
[Result "0-1"]
[WhiteElo "1821"]
[BlackElo "2385"]

1. d4 Nf6 2. c4 g6 3. Nc3 Bg7 4. e4 O-O 5. Nf3 d6 6. Be2 e5 7. O-O Nc6 8. d5 Ne7
9. a4 Nd7 10. b4 f5 11. Ng5 Nf6 12. h3 h6 13. Nf3 fxe4 14. Nh2 Nf5 15. Re1 Nd4
16. b5 Bf5 17. Bg4 Qe7 18. Be3 h5 19. Bxf5 Nxf5 20. Qc2 Qf7 21. Bg5 a6 22. bxa6
Rxa6 23. Nxe4 Nd4 24. Nxf6+ Bxf6 0-1

[Event "AUTO-ADV-3990"]
[Site "http://www.queenalice.com/game.php?id=1535859"]
[Date "2018.7.22"]
[Round "2"]
[White "ALDROB"]
[Black "MariusLola"]
[Result "1-0"]
[WhiteElo "1902"]
[BlackElo "1819"]

1. d4 d5 2. c4 c6 3. Nf3 Nf6 4. Nc3 e6 5. Bg5 Be7 6. e3 O-O 7. Qc2 g6 8. Bd3 a6
9. O-O-O Bb4 10. Bxf6 Qxf6 11. Ne5 Bxc3 12. bxc3 Nd7 13. f4 Kg7 14. g4 Nxe5 15.
fxe5 Qg5 16. Qe2 f5 17. gxf5 exf5 18. Rdg1 Qe7 19. h4 h5 20. Qxh5 Qe6 21. Qg5
Rh8 22. h5 Rh6 23. Qd8 g5 24. Rxg5+ 1-0

[Event "AUTO-ADV-3990"]
[Site "http://www.queenalice.com/game.php?id=1535860"]
[Date "2018.7.22"]
[Round "2"]
[White "MariusLola"]
[Black "ALDROB"]
[Result "1-0"]
[WhiteElo "1819"]
[BlackElo "1910"]

1. d4 Nf6 2. c4 g6 3. Nc3 Bg7 4. e4 d6 5. f3 O-O 6. Be3 e5 7. d5 Ne8 8. Nge2 f5
9. g3 Na6 10. a3 h6 11. h4 b6 12. b4 f4 13. gxf4 exf4 14. Bd2 g5 15. hxg5 hxg5
16. Qc2 Qf6 17. Rc1 Bd7 18. Nd1 c5 19. dxc6 Be6 20. b5 Nc5 21. Bc3 Qg6 22. Bxg7
Nxg7 23. Nd4 Rae8 24. Nxe6 Rxe6 25. Nc3 Nf5 26. Nd5 Nd4 27. Qf2 Ndb3 28. Rd1
Nxe4 29. fxe4 Rxe4+ 30. Be2 f3 31. Ne3 Rh4 32. Rxh4 gxh4 33. Bxf3 Qf6 34. Qg2+
Kh8 35. c7 Qc3+ 36. Ke2 Nd4+ 37. Rxd4 Qxd4 38. Bb7 Qb2+ 39. Kd1 Qxg2 40. Nxg2 h3
41. Ne3 h2 42. Ke2 Kg7 43. Ng4 d5 44. Nxh2 1-0

[Event "AUTO-ADV-3990"]
[Site "http://www.queenalice.com/game.php?id=1535863"]
[Date "2018.7.22"]
[Round "2"]
[White "MariusLola"]
[Black "princesher"]
[Result "0-1"]
[WhiteElo "1839"]
[BlackElo "1914"]

1. d4 e6 2. c4 Bb4+ 3. Bd2 Bxd2+ 4. Nxd2 b6 5. e4 Bb7 6. g3 c6 7. Bg2 g6 8. Ngf3
f6 9. Qc2 a5 10. O-O Na6 11. b3 d5 12. cxd5 cxd5 13. exd5 Bxd5 14. Qd3 Bxf3 15.
Bxf3 Ra7 16. Bc6+ Kf7 17. Rae1 Ne7 18. Bb5 Nb4 19. Qc4 Qd5 20. Qxd5 exd5 21. a3
Nc2 22. Rc1 Nxa3 23. Rfe1 Nxb5 24. Nf3 g5 25. h4 g4 26. Nh2 f5 27. Red1 Rc8 28.
Rxc8 Nxc8 29. Nf1 h5 30. Ne3 Ne7 31. Kg2 Ke6 32. f3 Nc6 33. Nc2 Re7 34. Ne3
gxf3+ 35. Kxf3 Ncxd4+ 36. Kf4 Rf7 37. Rd3 Rc7 38. g4 hxg4 39. h5 Rg7 40. h6 Rg6
41. Nxd5 Kxd5 0-1

[Event "AUTO-ADV-3990"]
[Site "http://www.queenalice.com/game.php?id=1535864"]
[Date "2018.7.22"]
[Round "2"]
[White "princesher"]
[Black "MariusLola"]
[Result "1-0"]
[WhiteElo "1856"]
[BlackElo "1826"]

1. e4 e5 2. a3 Nf6 3. d3 Be7 4. Bg5 d6 5. h3 O-O 6. Bxf6 Bxf6 7. c4 c5 8. Nc3
Be6 9. g3 Qb6 10. b3 a5 11. h4 Nc6 12. Bh3 Bxh3 13. Nxh3 h6 14. Rb1 Nd4 15. Nd5
Qd8 16. Nxf6+ Qxf6 17. f4 exf4 18. Nxf4 Rfe8 19. O-O Qe5 20. Kg2 b5 21. Nd5 Rab8
22. cxb5 Nxb5 23. a4 Nc3 24. Nxc3 Qxc3 25. Rf2 f6 26. Kh3 Re7 27. Rc2 Qd4 28.
Rc4 Qe5 29. Qd2 Rc7 30. Qe2 d5 31. Rcc1 d4 32. Rf1 g6 33. g4 Rf7 34. Qd2 Kh7 35.
Qf4 Rbf8 36. Qxe5 fxe5 37. Rxf7+ Rxf7 38. Kg3 Kg7 39. Rb2 Rf1 40. Rc2 Rb1 41.
Rxc5 Rxb3 42. Rxe5 Rxd3+ 43. Kf4 Rh3 44. h5 d3 45. Rxa5 d2 46. Ra7+ Kf6 47. Rd7
Rh2 48. e5+ Ke6 49. Rd6+ 1-0

[Event "OS INCLIVES"]
[Site "http://www.queenalice.com/game.php?id=1543818"]
[Date "2018.9.27"]
[Round "-"]
[White "adelio"]
[Black "MariusLola"]
[Result "0-1"]
[WhiteElo "1508"]
[BlackElo "1777"]

1. d4 d5 2. e4 dxe4 3. Nc3 Nf6 4. f3 exf3 5. Nxf3 Bg4 6. h3 Bxf3 7. Qxf3 c6 8.
Bg5 Nbd7 9. Bc4 e6 10. a3 h6 11. Be3 Qc7 12. O-O-O O-O-O 13. Na4 Nb6 14. b3
Bxa3+ 15. Kb1 Nxa4 16. Rd3 Nb2 17. Rc3 Qb6 18. Bf4 Nxc4 19. Rxc4 Nd5 20. Qg4 g5
21. Bh2 Ne3 22. Qe2 Nxc4 23. Qxc4 Rxd4 24. Qc3 Rdd8 25. Be5 Rhg8 26. Bf6 Rd5 27.
Ka2 Bb4 28. Qf3 Rf5 29. Qd3 Rxf6 30. Rd1 Qa5+ 31. Kb1 Rd8 32. Qe2 Rxd1+ 33. Qxd1
Qb5 34. Ka2 Bc3 35. Qc1 Qa5+ 36. Qa3 Bb4 37. Qxa5 Bxa5 0-1

[Event "OS INCLIVES"]
[Site "http://www.queenalice.com/game.php?id=1543819"]
[Date "2018.9.27"]
[Round "-"]
[White "MariusLola"]
[Black "adelio"]
[Result "1-0"]
[WhiteElo "1754"]
[BlackElo "1298"]

1. d4 d5 2. c4 e6 3. Nf3 Be7 4. e3 h5 5. Be2 h4 6. h3 c5 7. Nc3 Nd7 8. Qa4 Kf8
9. O-O Ndf6 10. Ne5 Ne4 11. Nxe4 dxe4 12. Rd1 Qc7 13. Ng4 Bd7 14. Qc2 f5 15. Ne5
Be8 16. b3 Bf6 17. Bb2 Rd8 18. f4 exf3 19. Bxf3 cxd4 20. exd4 Bxe5 21. dxe5 Bc6
22. Bxc6 bxc6 23. Qf2 Rxd1+ 24. Rxd1 Ne7 25. Bd4 Ng6 26. Bxa7 Kg8 27. Bb6 Qxe5
28. a4 Rh5 29. a5 Rg5 30. Rd2 Qa1+ 31. Qf1 Qxf1+ 32. Kxf1 e5 33. a6 f4 34. a7
Rf5 35. Rd8+ Kh7 36. a8=Q Kh6 37. Qxc6 f3 38. Rh8+ Kg5 39. Be3+ Nf4 40. Qxf3 g6
41. Qg4+ Kf6 42. Rf8+ Ke6 43. Bxf4 exf4 44. Qxg6+ Rf6 45. Qxf6+ Kd7 46. Rf7+ 1-0

[Event "Challenge"]
[Site "http://www.queenalice.com/game.php?id=1547219"]
[Date "2018.10.26"]
[Round "-"]
[White "MADMIKE"]
[Black "MariusLola"]
[Result "1-0"]
[WhiteElo "1817"]
[BlackElo "1782"]

1. d4 d5 2. Nc3 Nf6 3. h3 g6 4. Bf4 a6 5. Nf3 Bg7 6. e3 O-O 7. Bd3 Nc6 8. O-O b5
9. a3 Bb7 10. e4 dxe4 11. Nxe4 Rb8 12. Nxf6+ Bxf6 13. Be5 Bxe5 14. dxe5 Qd5 15.
c3 Nxe5 16. Be2 Qe6 17. Nxe5 Rbd8 18. Nd3 Qe4 19. f3 Qe3+ 20. Kh1 c5 21. Qc2 c4
22. Nc1 Rd2 23. Qb1 Rfd8 24. b3 cxb3 25. Qxb3 Bd5 26. Qb4 Rxe2 27. Nxe2 Qxe2 28.
Rae1 Qc4 29. Qxe7 Rf8 30. Qe5 Bc6 31. Rc1 Re8 32. Qc7 Qe6 33. Rcd1 Bd5 34. Rde1
Qc8 35. Rxe8+ Qxe8 36. Qd6 Bc4 37. Rd1 a5 38. f4 Be2 39. Re1 Qe3 40. f5 Qf2 41.
Qd8+ Kg7 42. f6+ Kh6 43. Qd2+ g5 44. Qxe2 Qxf6 45. Qxb5 Qxc3 46. Qa6+ Kg7 47.
Rf1 Qxa3 48. Qf6+ 1-0

[Event "Challenge"]
[Site "http://www.queenalice.com/game.php?id=1547220"]
[Date "2018.10.26"]
[Round "-"]
[White "MariusLola"]
[Black "MADMIKE"]
[Result "0-1"]
[WhiteElo "1767"]
[BlackElo "1844"]

1. d4 d5 2. c4 e6 3. Nf3 h6 4. e3 Nf6 5. Bd3 Nc6 6. O-O Be7 7. a3 O-O 8. b4 b6
9. Nc3 dxc4 10. Bxc4 a6 11. Bb3 b5 12. Bb2 Bb7 13. Ne2 a5 14. bxa5 Nxa5 15. Bc2
Bxf3 16. gxf3 Nc4 17. Ra2 b4 18. Ba1 bxa3 19. Qd3 Nb6 20. Ng3 Nbd5 21. Nh5 Bd6
22. Nxf6+ Nxf6 23. d5 g6 24. dxe6 Qe7 25. exf7+ Rxf7 26. Bb3 Kg7 27. Bxf7 Qxf7
28. Rc2 Kh7 29. Bxf6 Qxf6 30. Qe4 Rb8 31. f4 h5 32. Ra2 Rg8 33. Rd1 Qf7 34. Rda1
Re8 35. Qa4 Qe6 36. Qc2 Qg4+ 37. Kh1 Qf3+ 38. Kg1 h4 39. Qd1 Qe4 40. h3 Qf5 41.
Qg4 Qf6 42. Rc1 Rb8 43. Qe2 Qf5 44. Kg2 Rg8 45. Rd1 Kh6 46. Qf3 g5 47. Rxd6+
cxd6 48. Rxa3 gxf4+ 49. Kh2 Qg5 50. exf4 Qg1# 0-1